000
00247nam a2200097 a 4500
008
111125s1989|||| d
245
1
0
_a
Wilanow dzeje architektúra konserwacja
260
_b
Arkada
_a
Warszawa
_c
1989
020
_c
150
044
_a
xo
_c
SK
999
_c
19886
_d
19886